Remote Viewing : (Record no. 586114)

MARC details
000 -LEADER
fixed length control field 00465nam a2200181 a 4500
008 - FIXED-LENGTH DATA ELEMENTS--GENERAL INFORMATION
fixed length control field 250909s2001##################000#0#eng##
020 ## - INTERNATIONAL STANDARD BOOK NUMBER
ISBN 9781901250961
082 04 - DEWEY DECIMAL CLASSIFICATION NUMBER
Classification number 133.8
Item number RIF
100 1# - MAIN ENTRY--AUTHOR NAME
Personal name Rifat, Tim,
245 10 - TITLE STATEMENT
Title Remote Viewing :
260 ## - PUBLICATION, DISTRIBUTION, ETC. (IMPRINT)
Name of publisher VISION Paperbacks,
Year of publication 2001.
650 #0 - SUBJECT ADDED ENTRY--TOPICAL TERM
Topical Term Espionage, American.
942 ## - ADDED ENTRY ELEMENTS (KOHA)
Koha item type English Books
Holdings
Withdrawn status Lost status Damaged status Not for loan Home library Current library Shelving location Date acquired Full call number Accession Number Price effective from Koha item type
        Anna Centenary Library Anna Centenary Library 3RD FLOOR, A WING 09.09.2025 133.8 RIF 359975 09.09.2025 English Books

Find us on the map